000 01631aab a2200241 i 4500
001 768714001
003 CO-MdFUSB
005 20240711101359.0
008 240711t2006 sz ||||| |||| 00| 0 eng d
040 _bspa
_cCO-MdFUSB
041 _aeng
100 1 _aIchiyo, Muto
_eautor
245 4 _aThe American empire in historical perspective
_c/ Muto Ichiyo
520 _aEl escritor y activista japonés Muto Ichiyo sostiene que para comprender la situación hegemónica global, debemos utilizar como herramienta conceptual el imperio estadounidense que quiere controlar el mundo entero como un mercado único, en lugar de imperialismos caracterizados por la rivalidad mutua para volver a dividir el mundo. Si bien el imperio surgió tras el final de la Segunda Guerra Mundial, no logró ser verdaderamente global debido a la Guerra Fría. Sólo después de la desaparición de la Unión Soviética pudo alcanzar tardíamente su estatus global. La globalización neoliberal tiene sus raíces en la naturaleza del imperio estadounidense. Por lo tanto, superar este imperio con alianzas populares globales dinámicas es el desafío histórico que nos lleva más allá de enfrentar simplemente el tipo de gobierno de Bush posterior al 11 de septiembre.
546 _aTexto en inglés.
650 0 _aCiencias políticas
_9926
650 7 _aPolítica mundial
_92576
650 7 _aPoder (Ciencias sociales)
_9121
650 7 _aDerechos humanos
_9296
773 0 _tReformed World
_049396
_959501
_gVolumen 56, (número 4, 2006) páginas: 348 - 354
_qpágina: 348
942 _cANA
945 _aCatherine Arias Álvarez - Practicante SENA
999 _c61995
_d61995